000 01110nam0a22002531 4500
001 rc\4818445
005 20130426140053.9
035 _a(NLR Aleph) 008800040
090 _a8095635
_c8095635
100 _a20130426d1968 |||y0rusy50 ca
101 0 _arus
102 _aRU
105 _ay z |||||
200 1 _aНекоторые итоги лекционной пропаганды знаний о государстве и праве в 1967 году
_e(Обзорная рецензия)
_fПодготовлена В.И. Шиндом
_gМоск. гор. организация о-ва "Знание". Науч.-метод. совет по пропаганде знаний о государстве и праве
210 _aМосква
_cБ. и.
_d1968
215 _a20 с.
_d28
300 _aОтпеч. множит. аппаратом
333 _aДля служебного пользования. Экз. № 00003
700 1 _aШинд
_bВ. И.
_gВладимир Ильич
801 0 _aRU
_bNLR
_gpsbo
801 1 _aRU
_bELAR
_2rusmarc
852 _aNLR
_j50К/13714
942 _cBOOK
980 _aNB